A Grassroots movement to improve the quality of life : (Record no. 11081)

MARC details
000 -LEADER
fixed length control field 00813nam a2200229 a 4500
001 - CONTROL NUMBER
control field 00001213
008 - FIXED-LENGTH DATA ELEMENTS--GENERAL INFORMATION
fixed length control field 110328s1994 ja a g 000 0 eng d
040 ## - CATALOGING SOURCE
Original cataloging agency BD-DhIUB
Transcribing agency BD-DhIUB
082 04 - DEWEY DECIMAL CLASSIFICATION NUMBER
Classification number 304.66
Edition number 19
245 00 - TITLE STATEMENT
Title A Grassroots movement to improve the quality of life :
Remainder of title integrating family planning with health care and community development activities :
-- 10-year experience of the integrated project in China 1983-1993
250 ## - EDITION STATEMENT
Edition statement 1st ed.
260 ## - PUBLICATION, DISTRIBUTION, ETC. (IMPRINT)
Place of publication, distribution, etc Tokyo :
Name of publisher, distributor, etc JOICFP,
Date of publication, distribution, etc 1994.
300 ## - PHYSICAL DESCRIPTION
Extent 118 p. :
Other physical details ill. ;
Dimensions 21 cm.
490 1# - SERIES STATEMENT
Series statement JOICFP documentary series ;
Volume number/sequential designation 19.
520 0# - SUMMARY, ETC.
Summary, etc Health and Population
556 ## - INFORMATION ABOUT DOCUMENTATION NOTE
Information about documentation note 1994-10-09
526 ## - STUDY PROGRAM INFORMATION NOTE
Department Public Health
650 17 - SUBJECT ADDED ENTRY--TOPICAL TERM
Topical term or geographic name as entry element Family planning
Source of heading or term Spines
650 17 - SUBJECT ADDED ENTRY--TOPICAL TERM
Topical term or geographic name as entry element Health
Source of heading or term Spines
830 #0 - SERIES ADDED ENTRY--UNIFORM TITLE
Uniform title JOICFP documentary series;
Volume number/sequential designation 19.
Holdings
Withdrawn status Lost status Source of classification or shelving scheme Damaged status Not for loan Home library Current library Shelving location Date acquired Total Checkouts Full call number Barcode Date last seen Copy number Price effective from Koha item type
    Dewey Decimal Classification     Library, Independent University, Bangladesh (IUB) Library, Independent University, Bangladesh (IUB) General Stacks 21/04/2011   304.66 G768 001670 18/05/2011 1 18/05/2011 Books